000 00484nam a22001697a 4500
003 OSt
008 210205b ||||| |||| 00| 0 eng d
020 _a9789388178938
082 _a615.1 PAE
100 _aPatil,Asmita Gajbhiye, Patil,Shailendra, Mishra, Shweta and Das Debashree
245 _aIn Vitro Experimental Pharmacology
250 _a1st
260 _aNew Delhi
_bCBS Publishers and distributors pvt
_c2019
300 _a188
650 _aPharmacology
942 _2ddc
_cBK
999 _c10414
_d10414